| 000 | 01327cam a22003134a 4500 | ||
|---|---|---|---|
| 001 | 16157915 | ||
| 005 | 20170105102900.0 | ||
| 008 | 100329s2011 enk b 001 0 eng | ||
| 010 | _a 2010013606 | ||
| 020 | _a9780415497640 (hardback) | ||
| 020 | _a9780415497657 (pbk.) | ||
| 020 | _a9780203841891 (ebook) | ||
| 040 |
_aDLC _cDLC _dDLC |
||
| 050 | 0 | 0 |
_aJZ1305 _b.H365 2011 |
| 082 | 0 | 0 |
_a327.2 _222 _bHAM 2011 |
| 100 | 1 |
_aHamilton, Keith, _d1942- |
|
| 245 | 1 | 4 |
_aThe practice of diplomacy : _bits evolution, theory, and administration / _cKeith Hamilton and Richard Langhorne. |
| 250 | _a2nd ed. | ||
| 260 |
_aLondon ; _aNew York : _bRoutledge, _cc2011. |
||
| 300 |
_aix, 317 p. : _c24cm. |
||
| 504 | _aIncludes bibliographical references (p. [195]-302) and index. | ||
| 505 | 0 | _aFrom the beginnings until 1815 -- The old world -- The diplomacy of the Renaissance and the resident ambassador -- The emergence of the "old diplomacy" -- From 1815 to the present -- The "old diplomacy" -- The "new diplomacy" -- Total diplomacy -- Diplomacy diffused. | |
| 650 | 0 | _aDiplomacy. | |
| 650 | 0 |
_aDiplomacy _xHistory. |
|
| 700 | 1 |
_aLanghorne, Richard, _d1940- |
|
| 906 |
_a7 _bcbc _corignew _d1 _eecip _f20 _gy-gencatlg |
||
| 942 |
_2ddc _cBK |
||
| 999 |
_c14609 _d14609 |
||